| 000 | 00648nam a22001935i 4500 | ||
|---|---|---|---|
| 001 | 167744 | ||
| 003 | ES-MaACL | ||
| 005 | 20250730061444.0 | ||
| 008 | 981214s1860 fr |||| | fre d | ||
| 100 | 1 |
_aVogel, Charles. _9133818 |
|
| 245 | 1 | 3 |
_aLe Portugal et ses colonies _b: tableau politique et commercial de la monarchie portugaise dans son état actuel / _cpar Charles Vogel. |
| 260 |
_aParis : _bGuillaumin et Cie., _c1860. |
||
| 300 |
_aXII, 644 p. ; _c23 cm. |
||
| 597 | _aAntep. | ||
| 651 | 7 |
_aPortugal- _xColonias _2 _9137318 |
|
| 752 |
_aFrancia - _dParís |
||
| 852 |
_aES-MaACL _jG-8151 _z- Enc. hol. |
||
| 999 |
_c167744 _d167744 |
||